<?xml version="1.0" encoding="UTF-8"?>
<record
    xmlns:xsi="http://www.w3.org/2001/XMLSchema-instance"
    xsi:schemaLocation="http://www.loc.gov/MARC21/slim http://www.loc.gov/standards/marcxml/schema/MARC21slim.xsd"
    xmlns="http://www.loc.gov/MARC21/slim">

  <leader>00844nam a22001577a 4500</leader>
  <controlfield tag="003">OSt</controlfield>
  <controlfield tag="005">20151218143928.0</controlfield>
  <controlfield tag="008">151218b        xxu||||| |||| 00| 0 eng d</controlfield>
  <datafield tag="040" ind1=" " ind2=" ">
    <subfield code="c">RUA </subfield>
  </datafield>
  <datafield tag="082" ind1=" " ind2=" ">
    <subfield code="a">AED VA 2009 B237 Or.1</subfield>
  </datafield>
  <datafield tag="100" ind1=" " ind2=" ">
    <subfield code="9">5144</subfield>
    <subfield code="a">VA SOPHEA; &#x179C;&#x17C9;&#x17B6; &#x179F;&#x17BB;&#x1797;&#x17B6;</subfield>
  </datafield>
  <datafield tag="245" ind1=" " ind2=" ">
    <subfield code="a">The economic effeciency of households'jasmine production in kaoh krabei village, preaek thmei commune, kien svay district, kandal province, &#x1794;&#x17D2;&#x179A;&#x179F;&#x17B7;&#x1791;&#x17D2;&#x1792;&#x1797;&#x17B6;&#x1796;&#x179F;&#x17C1;&#x178A;&#x17D2;&#x178B;&#x1780;&#x17B7;&#x1785;&#x17D2;&#x1785;&#x1795;&#x179B;&#x17B7;&#x178F;&#x1780;&#x1798;&#x17D2;&#x1798;&#x1795;&#x17D2;&#x1780;&#x17B6;&#x1798;&#x17D2;&#x179B;&#x17B7;&#x17C7;&#x1787;&#x17B6;&#x179B;&#x1780;&#x17D2;&#x1781;&#x178E;&#x17C8;&#x1782;&#x17D2;&#x179A;&#x17BD;&#x179F;&#x17B6;&#x179A; &#x1793;&#x17C5;&#x1797;&#x17BC;&#x1798;&#x17B7;&#x1780;&#x17C4;&#x17C7;&#x1780;&#x17D2;&#x179A;&#x1794;&#x17B8;&#x200B; &#x1783;&#x17BB;&#x17C6;&#x1796;&#x17D2;&#x179A;&#x17C2;&#x1780;&#x1790;&#x17D2;&#x1798;&#x17B8; &#x179F;&#x17D2;&#x179A;&#x17BB;&#x1780;&#x1782;&#x17C0;&#x1793;&#x179F;&#x17D2;&#x179C;&#x17B6;&#x1799; &#x1781;&#x17C1;&#x178F;&#x17D2;&#x178F;&#x1780;&#x178E;&#x17D2;&#x178A;&#x17B6;&#x179B;.</subfield>
  </datafield>
  <datafield tag="260" ind1=" " ind2=" ">
    <subfield code="a">Phnom Penh </subfield>
    <subfield code="b">RUA </subfield>
    <subfield code="c">2009</subfield>
  </datafield>
  <datafield tag="300" ind1=" " ind2=" ">
    <subfield code="a">xii; 48p.</subfield>
    <subfield code="b">ill.</subfield>
    <subfield code="c">29cm.</subfield>
  </datafield>
  <datafield tag="942" ind1=" " ind2=" ">
    <subfield code="2">ddc</subfield>
    <subfield code="c">AED</subfield>
  </datafield>
  <datafield tag="999" ind1=" " ind2=" ">
    <subfield code="c">4788</subfield>
    <subfield code="d">4788</subfield>
  </datafield>
  <datafield tag="952" ind1=" " ind2=" ">
    <subfield code="0">0</subfield>
    <subfield code="1">0</subfield>
    <subfield code="2">ddc</subfield>
    <subfield code="4">0</subfield>
    <subfield code="6">AED_VA_2009_000000000000000_B237_OR_1</subfield>
    <subfield code="7">0</subfield>
    <subfield code="9">24777</subfield>
    <subfield code="a">LBB</subfield>
    <subfield code="b">LBB</subfield>
    <subfield code="c">B237</subfield>
    <subfield code="d">2015-12-18</subfield>
    <subfield code="o">AED VA 2009 B237 Or.1</subfield>
    <subfield code="p">RUA031267</subfield>
    <subfield code="r">2015-12-18</subfield>
    <subfield code="w">2015-12-18</subfield>
    <subfield code="y">AED</subfield>
  </datafield>
  <datafield tag="952" ind1=" " ind2=" ">
    <subfield code="0">0</subfield>
    <subfield code="1">0</subfield>
    <subfield code="2">ddc</subfield>
    <subfield code="4">0</subfield>
    <subfield code="6">AED_VA_2009_000000000000000_B237_OR_2</subfield>
    <subfield code="7">0</subfield>
    <subfield code="9">24778</subfield>
    <subfield code="a">LBB</subfield>
    <subfield code="b">LBB</subfield>
    <subfield code="c">B237</subfield>
    <subfield code="d">2015-12-18</subfield>
    <subfield code="o">AED VA 2009 B237 Or.2</subfield>
    <subfield code="p">RUA031268</subfield>
    <subfield code="r">2015-12-18</subfield>
    <subfield code="w">2015-12-18</subfield>
    <subfield code="y">AED</subfield>
  </datafield>
  <datafield tag="952" ind1=" " ind2=" ">
    <subfield code="0">0</subfield>
    <subfield code="1">0</subfield>
    <subfield code="2">ddc</subfield>
    <subfield code="4">0</subfield>
    <subfield code="6">AED_VA_2009_000000000000000_B237_OR_3</subfield>
    <subfield code="7">0</subfield>
    <subfield code="9">24779</subfield>
    <subfield code="a">LBB</subfield>
    <subfield code="b">LBB</subfield>
    <subfield code="c">B237</subfield>
    <subfield code="d">2015-12-18</subfield>
    <subfield code="l">3</subfield>
    <subfield code="o">AED VA 2009 B237 Or.3</subfield>
    <subfield code="p">RUA031375</subfield>
    <subfield code="r">2017-01-16</subfield>
    <subfield code="s">2017-01-16</subfield>
    <subfield code="w">2015-12-18</subfield>
    <subfield code="y">AED</subfield>
  </datafield>
  <datafield tag="952" ind1=" " ind2=" ">
    <subfield code="0">0</subfield>
    <subfield code="1">0</subfield>
    <subfield code="2">ddc</subfield>
    <subfield code="4">0</subfield>
    <subfield code="6">AED_VA_2009_000000000000000_B237_OR_4</subfield>
    <subfield code="7">0</subfield>
    <subfield code="9">24780</subfield>
    <subfield code="a">LBB</subfield>
    <subfield code="b">LBB</subfield>
    <subfield code="c">B237</subfield>
    <subfield code="d">2015-12-18</subfield>
    <subfield code="o">AED VA 2009 B237 Or.4</subfield>
    <subfield code="p">RUA031436</subfield>
    <subfield code="r">2015-12-18</subfield>
    <subfield code="w">2015-12-18</subfield>
    <subfield code="y">AED</subfield>
  </datafield>
  <datafield tag="952" ind1=" " ind2=" ">
    <subfield code="0">0</subfield>
    <subfield code="1">0</subfield>
    <subfield code="2">ddc</subfield>
    <subfield code="4">0</subfield>
    <subfield code="6">AED_VA_2009_000000000000000_B237_OR_5</subfield>
    <subfield code="7">0</subfield>
    <subfield code="9">24781</subfield>
    <subfield code="a">LBB</subfield>
    <subfield code="b">LBB</subfield>
    <subfield code="c">B237</subfield>
    <subfield code="d">2015-12-18</subfield>
    <subfield code="l">3</subfield>
    <subfield code="o">AED VA 2009 B237 Or.5</subfield>
    <subfield code="p">RUA031144</subfield>
    <subfield code="r">2026-03-03</subfield>
    <subfield code="s">2026-01-27</subfield>
    <subfield code="w">2015-12-18</subfield>
    <subfield code="y">AED</subfield>
  </datafield>
  <datafield tag="952" ind1=" " ind2=" ">
    <subfield code="0">0</subfield>
    <subfield code="1">0</subfield>
    <subfield code="2">ddc</subfield>
    <subfield code="4">0</subfield>
    <subfield code="6">AED_VA_2009_000000000000000_B237_OR_6</subfield>
    <subfield code="7">0</subfield>
    <subfield code="9">24782</subfield>
    <subfield code="a">LBB</subfield>
    <subfield code="b">LBB</subfield>
    <subfield code="c">B237</subfield>
    <subfield code="d">2015-12-18</subfield>
    <subfield code="l">2</subfield>
    <subfield code="o">AED VA 2009 B237 Or.6</subfield>
    <subfield code="p">RUA031495</subfield>
    <subfield code="r">2018-01-22</subfield>
    <subfield code="s">2018-01-06</subfield>
    <subfield code="w">2015-12-18</subfield>
    <subfield code="y">AED</subfield>
  </datafield>
</record>
